LIBRARY & INFORMATION CENTRE, KCAET, TAVANUR

ONLINE PUBLIC ACCESS CATALOGUE (OPAC)

Principles and practices of rice growing / (Record no. 3206)

MARC details
000 -LEADER
fixed length control field 00497cam a2200193ua 4500
041 ## - LANGUAGE CODE
Language code of text/sound track or separate title eng
082 ## - DEWEY DECIMAL CLASSIFICATION NUMBER
Classification number 633.18
Item number CHA/PR
100 ## - MAIN ENTRY--AUTHOR NAME
Personal name Chatterjee, B N .
245 ## - TITLE STATEMENT
Title Principles and practices of rice growing /
250 ## - EDITION STATEMENT
Edition statement 2 /
260 ## - PUBLICATION, DISTRIBUTION, ETC. (IMPRINT)
Place of publication Calcutta :
Name of publisher Oxford & IBH Publishing company ,
Year of publication 1985.
300 ## - PHYSICAL DESCRIPTION
Number of Pages 419 ; .
700 1# - ADDED ENTRY--PERSONAL NAME
Personal name Maiti, S .
942 ## - ADDED ENTRY ELEMENTS (KOHA)
Koha item type Books
Holdings
Withdrawn status Lost status Damaged status Home library Current library Date acquired Full call number Accession Number Koha item type
      KAUAET KAUAET 02/09/1986 633.18 15641 Books
free website counter